[Event "Elekes mem"]
[Site "Budapest"]
[Date "1991.??.??"]
[Round "6"]
[White "Somlai, Laszlo"]
[Black "Atalik, Suat"]
[Result "1/2-1/2"]
[WhiteElo "2385"]
[BlackElo "2420"]

1.e4 c5 2.Nf3 Nc6 3.d4 cxd4 4.Nxd4 Qc7 5.Nb5 Qb8 6.c4 Nf6 7.N5c3 e6 8.Be2 Be7
9.O-O O-O 10.Be3 b6 11.Nd2 Bb7 12.a3 Rd8 13.Qa4 d6 14.Rfd1 Nd7 15.Qc2 Bf6  1/2-1/2

[Event "Cacak"]
[Site "Cacak"]
[Date "1991.??.??"]
[Round "2"]
[White "Pavlovic, Milos"]
[Black "Damljanovic, Branko"]
[Result "1/2-1/2"]
[WhiteElo "2480"]
[BlackElo "2560"]

1.e4 c5 2.Nf3 Nc6 3.d4 cxd4 4.Nxd4 Qc7 5.Nc3 e6 6.Be2 a6 7.O-O Nf6 8.Kh1 Be7
9.f4 d6 10.a4 O-O 11.Be3 Nxd4 12.Qxd4 e5 13.Qd3 exf4 14.Bxf4 Be6 15.Qg3 Rfd8
16.Rad1 Ne8 17.Bd3 Bf6 18.Bg5 Bxg5 19.Qxg5 Rd7 20.Nd5 Qd8 21.Qd2 Bxd5 22.exd5 Re7
23.a5 Re5 24.Rfe1 Rxe1+ 25.Rxe1 Nf6 26.c4 Rb8 27.Bc2 Qc7 28.b3 g6 29.h3 Rf8
30.Re2 Nh5 31.Qe1 Qc5 32.Re7 b5 33.axb6 Qxb6 34.Bd1 Ng7 35.Bc2 Nh5 36.Qe3 Qb4
37.Bd1 Ng7 38.Bg4 a5 39.Bd7 h5 40.g4 Qa3 41.Qc3 Qa2 42.Kg1 Qa3 43.Kg2 Qa2+
44.Kg1 h4 45.Ba4  1/2-1/2

[Event "Cacak"]
[Site "Cacak"]
[Date "1991.??.??"]
[Round "8"]
[White "Marinkovic, Ivan"]
[Black "Cabrilo, Goran"]
[Result "1/2-1/2"]
[WhiteElo "2455"]
[BlackElo "2490"]

1.e4 c5 2.Nf3 Nc6 3.d4 cxd4 4.Nxd4 Qb6 5.Nb3 Nf6 6.Nc3 e6 7.Bd3 d6 8.O-O Be7
9.Qe2 a6 10.Bg5 Qc7 11.Rae1 b5 12.Bd2 Ne5 13.f4 Nxd3 14.cxd3 b4 15.Nd1 a5
16.Nf2 e5 17.Rc1  1/2-1/2

[Event "Cacak-B"]
[Site "Cacak"]
[Date "1991.??.??"]
[Round "9"]
[White "Marinkovic, Slavisa"]
[Black "Colovic, Dusan"]
[Result "1-0"]
[WhiteElo "2335"]
[BlackElo "2255"]

1.e4 c5 2.Nf3 Nc6 3.d4 cxd4 4.Nxd4 Qb6 5.Nb3 Nf6 6.Nc3 e6 7.Bd3 Be7 8.O-O a6
9.Be3 Qc7 10.f4 d6 11.Qf3 O-O 12.Nd4 Nxd4 13.Bxd4 e5 14.fxe5 dxe5 15.Qg3 Bc5
16.Bxc5 Qxc5+ 17.Kh1 Ne8 18.Nd5 f6 19.b4 Qd6 20.Bc4 Kh8 21.Rad1 Be6 22.a3 Bxd5
23.Bxd5 Qc7 24.c4 Qe7 25.c5 Rb8 26.Bc4 Nc7 27.Rd6 Rfd8 28.Rfd1 Ne6 29.Rxd8+ Rxd8
30.Rxd8+ Qxd8 31.Qd3 Qxd3 32.Bxd3 Nc7 33.Bc4 g6 34.Bd5 Kg7 35.Bxb7 Kf8 36.a4 f5
37.Kg1 f4 38.Bd5 Ke7 39.Bc4 Kd7 40.h4 Kc6 41.a5 h6 42.Kf2 Kd7 43.Bf7 Kc6
44.Bc4 Kd7 45.Kf3 Ke7 46.Kg4 Kf6 47.h5 g5 48.Be2 Ke6 49.Bd3  1-0

[Event "Cacak-B"]
[Site "Cacak"]
[Date "1991.??.??"]
[Round "11"]
[White "Varga, Zoltan"]
[Black "Colovic, Dusan"]
[Result "1/2-1/2"]
[WhiteElo "2370"]
[BlackElo "2255"]

1.e4 c5 2.Nf3 Nc6 3.d4 cxd4 4.Nxd4 Qb6 5.Nb5 a6 6.N5c3 e6 7.Nd2 Qc7 8.a4 Na5
9.Bd3 Nf6 10.Qe2 d6 11.f4 Nc6 12.Nc4 Nb4 13.e5 dxe5 14.fxe5 Nfd5 15.Ne4 Nxd3+
16.Qxd3 f6 17.Ned6+ Bxd6 18.Nxd6+ Kd7 19.c4 Qa5+ 20.Kd1 Nb4 21.Qg3 Qxe5 22.Qxg7+ Kxd6
23.Qxh8 Qd4+ 24.Bd2 Qg4+ 25.Kc1 Qxc4+ 26.Bc3 Qf4+ 27.Bd2 Qc4+ 28.Bc3 Qf4+
29.Bd2 Qc4+  1/2-1/2

[Event "JUG-chT Cetinje"]
[Site "Cetinje"]
[Date "1991.??.??"]
[Round "9"]
[White "Martinovic, Slobodan"]
[Black "Djukic, Zeljko"]
[Result "1/2-1/2"]
[WhiteElo "2430"]
[BlackElo "2420"]

1.e4 c5 2.Nf3 Nc6 3.d4 cxd4 4.Nxd4 Qb6 5.Nb3 Nf6 6.Nc3 e6 7.Bd3 Qc7 8.O-O a6
9.f4 d6 10.Qe2 Be7 11.Bd2 O-O 12.Rae1 g6 13.e5 Nd7 14.exd6 Bxd6 15.Ne4 Be7
16.Bc3 Nb4 17.f5 exf5 18.Ng3  1/2-1/2

[Event "Clichy op"]
[Site "Clichy"]
[Date "1991.??.??"]
[Round "2"]
[White "Conquest, Stuart"]
[Black "Giffard, Nicolas"]
[Result "1-0"]
[WhiteElo "2460"]
[BlackElo "2305"]

1.e4 c5 2.Nf3 Nc6 3.d4 cxd4 4.Nxd4 Qb6 5.Nb3 Nf6 6.Nc3 e6 7.Bd3 Bb4 8.O-O Bxc3
9.bxc3 e5 10.Ba3 Qc7 11.Bb5 Ne7 12.Bd6 Qb6 13.Qd3 Ng6 14.Rad1 Nf4 15.Qc4 a6
16.Ba4 Ng6 17.Nc5  1-0

[Event "Politicen Cup"]
[Site "Copenhagen"]
[Date "1991.??.??"]
[Round "?"]
[White "Luther, Thomas"]
[Black "Hansen, Lars Bo"]
[Result "1/2-1/2"]
[WhiteElo "2470"]
[BlackElo "2525"]

1.e4 c5 2.Nf3 Nc6 3.d4 cxd4 4.Nxd4 Qc7 5.Nc3 e6 6.Be2 a6 7.Be3 Nf6 8.O-O Bb4
9.Na4 O-O 10.Nxc6 dxc6 11.Nb6 Rb8 12.Bd3 e5  1/2-1/2

[Event "Corfu op"]
[Site "Corfu"]
[Date "1991.??.??"]
[Round "9"]
[White "Luther, Thomas"]
[Black "Grivas, Efstratios"]
[Result "1-0"]
[WhiteElo "2470"]
[BlackElo "2425"]

1.e4 c5 2.Nf3 Nc6 3.d4 cxd4 4.Nxd4 Qb6 5.Nb3 Nf6 6.Nc3 e6 7.a3 d6 8.Be3 Qc7
9.Bd3 a6 10.O-O Be7 11.f4 b5 12.Kh1 b4 13.axb4 Nxb4 14.Qd2 d5 15.e5 Nd7 16.Nb5 Qb8
17.N5d4 Nb6 18.Na5 Qc7 19.Be2 Nc4 20.Nxc4 dxc4 21.Nb5 Qb8 22.Nd6+ Bxd6 23.exd6 Nd5
24.Bxc4 Qxd6 25.Ra5 Bb7 26.Bxd5 exd5 27.Bc5 Qc6 28.Re1+ Kd8 29.Qd4 Re8 30.Rxe8+ Qxe8
31.Bb6+ Kc8 32.Ra1 f6 33.Ba5 Qc6 34.Re1 Kd7 35.Qe3 d4 36.Qe7+  1-0

[Event "FIN-chT"]
[Site "FIN"]
[Date "1991.??.??"]
[Round "?"]
[White "Kauppinen, Martti"]
[Black "Viljava, Tapani"]
[Result "1/2-1/2"]
[WhiteElo "2230"]
[BlackElo "2235"]

1.e4 c5 2.Nf3 Nc6 3.d4 cxd4 4.Nxd4 Qc7 5.Be3 Nf6 6.Nd2 e6 7.c3 d5 8.Nxc6 bxc6
9.Bd3 Be7 10.O-O O-O 11.f4 dxe4 12.Nxe4 Nd5 13.Qf3 Nxe3 14.Qxe3 Qb6 15.Qxb6 axb6
16.Rfd1 Rd8 17.Be2 Rxd1+ 18.Bxd1 Ba6 19.Bf3 Bc4 20.a3 Rd8 21.Rd1 Rxd1+ 22.Bxd1 Bd5
23.Bc2 f5 24.Nf2 Bc5 25.g3 h6 26.Kf1 g5 27.Ke2 Bd6 28.Ke3 Bc5+ 29.Ke2 Bd6
30.Ke3 Kf7 31.Nd3 Kf6 32.Bd1 Bc4 33.Bc2 Bd5 34.Bd1 Be4 35.Be2 Bxd3 36.Bxd3 Bc5+
37.Ke2 g4 38.a4 h5 39.b4 Bg1 40.Kf1 Be3 41.a5 bxa5 42.bxa5 e5 43.fxe5+ Kxe5
44.a6 Bb6  1/2-1/2

[Event "Arnold Cup"]
[Site "Gausdal"]
[Date "1991.??.??"]
[Round "2"]
[White "Lindemann, Sven"]
[Black "Efimov, Igor"]
[Result "0-1"]
[WhiteElo "2305"]
[BlackElo "2470"]

1.e4 c5 2.Nf3 Nc6 3.d4 cxd4 4.Nxd4 Qb6 5.Nb3 Nf6 6.Nc3 e6 7.Bd3 Be7 8.Be3 Qc7
9.f4 d6 10.Qf3 a6 11.g4 b5 12.g5 Nd7 13.O-O b4 14.Ne2 Bb7 15.f5 Nce5 16.Qh3 exf5
17.Qxf5 O-O 18.Nbd4 Nc5 19.Rad1 Rae8 20.Qh3 Nxe4 21.Ng3 Nxd3 22.Nxe4 Bxe4
23.cxd3 Bg6 24.Qg4 d5 25.Qf3 Bc5 26.Bf2 Qe5 27.Qg4 Bh5 28.Qxh5 Bxd4 29.b3 Be3
30.Bxe3 Qxe3+ 31.Kg2 Re5 32.h4 Qd4 33.Rc1 g6 34.Qh6 Re2+ 35.Kh1 Qg4  0-1

[Event "Arnold Cup"]
[Site "Gausdal"]
[Date "1991.??.??"]
[Round "6"]
[White "Westerinen, Heikki MJ"]
[Black "Efimov, Igor"]
[Result "0-1"]
[WhiteElo "2410"]
[BlackElo "2470"]

1.e4 c5 2.Nf3 Nc6 3.d4 cxd4 4.Nxd4 Qb6 5.Nb3 Nf6 6.Nc3 e6 7.Be3 Qc7 8.Bd3 Be7
9.f4 d6 10.g4 d5 11.exd5 Nxd5 12.Nxd5 exd5 13.Qf3 O-O 14.O-O-O Nb4 15.Kb1 Bd7
16.h4 Rfe8 17.h5 Rac8 18.c3 Nxd3 19.Rxd3 Bf8 20.h6 g6 21.f5 Qc6 22.Nd4 Qa6
23.Rd2 Re4 24.Nc2 Bb5 25.Rxd5 Bc4 26.Rd7 Bxa2+ 27.Kc1 Rce8 28.fxg6 Qxg6 29.Rxb7 R4e5
30.b3 a5 31.Kb2 a4 32.Rf1 Bxb3 33.Rxb3 axb3 34.Kxb3 Rb8+ 35.Kc4 Qe6+ 36.Kd3 Qg6+
37.Kd2 Rb2 38.Rc1 Bxh6 39.Bxh6 Qxh6+ 40.Kd1 Qd6+ 41.Nd4 Qh6 42.Nc2 Re1+  0-1

[Event "Peer Gynt"]
[Site "Gausdal"]
[Date "1991.??.??"]
[Round "7"]
[White "Schneider, Lars Ake"]
[Black "Efimov, Igor"]
[Result "1-0"]
[WhiteElo "2445"]
[BlackElo "2460"]

1.e4 c5 2.Nf3 Nc6 3.d4 cxd4 4.Nxd4 Qb6 5.Nb3 Nf6 6.Nc3 e6 7.Bd3 Be7 8.O-O O-O
9.Kh1 d5 10.exd5 exd5 11.Be3 Qd8 12.Qd2 Ne5 13.Rad1 Nc4 14.Qc1 Nxe3 15.Qxe3 Bg4
16.Be2 Bf5 17.Nd4 Bc5 18.Qf4 Bg6 19.Bf3 Re8 20.Nb3 Bd6 21.Qd2 Bb4 22.Bxd5 Nxd5
23.Qxd5 Bxc2 24.Rc1 Bxc3 25.Qxd8 Raxd8 26.Rxc2 Bf6 27.g3 b6 28.Kg2 h5 29.Nc1 Rd5
30.b3 b5 31.Ne2 b4 32.Nf4 Ra5 33.Nd3 Bc3 34.a4 g5 35.Nb2 Rd5 36.Rd1 Red8
37.Rxd5 Rxd5 38.Kf3 Kg7 39.Ke4 Re5+ 40.Kd3 Re1 41.Kc4 h4 42.Nd3 Re4+ 43.Kc5 Kg6
44.f4 f6 45.fxg5 fxg5 46.gxh4 Rxh4 47.Kb5 Kf5 48.Re2 Rd4 49.Rf2+ Ke4 50.Nc5+ Ke5
51.Rg2 Bd2 52.Re2+ Kf5 53.Re7 Bf4 54.h3 Bd6 55.Rxa7 Rh4 56.Rf7+ Ke5 57.Rf3 Rh5
58.a5 Bxc5 59.Kxc5 Ke4 60.Rf1 g4+ 61.Kxb4  1-0

[Event "Arnold Cup"]
[Site "Gausdal"]
[Date "1991.??.??"]
[Round "7"]
[White "Sowray, Peter J"]
[Black "Ioseliani, Nana"]
[Result "0-1"]
[WhiteElo "2330"]
[BlackElo "2470"]

1.e4 c5 2.Nf3 Nc6 3.d4 cxd4 4.Nxd4 Qc7 5.Nc3 e6 6.f4 a6 7.Nf3 Bc5 8.Bd3 d6
9.Qe2 b5 10.Be3 Qb6 11.Bxc5 Qxc5 12.e5 d5 13.Qf2 Qxf2+ 14.Kxf2 Nge7 15.Rae1 O-O
16.g4 Bd7 17.Kg3 Rfc8 18.Ne2 Ra7 19.Ned4 Nxd4 20.Nxd4 Nc6 21.Nxc6 Bxc6 22.h4 b4
23.h5 h6 24.f5 Bb5 25.Rh2 Bxd3 26.cxd3 b3 27.axb3 Rb7 28.Ra1 Rxb3 29.Rd2 Rc6
30.Kf3 Kf8 31.Ra3 Rxa3 32.bxa3 Rc3 33.Ke3 Rxa3 34.Rb2 Ra4 35.Rb8+ Ke7 36.Rb7+ Kf8
37.Rb8+ Ke7 38.Rg8 exf5 39.gxf5 Rh4 40.Rxg7 Rxh5 41.f6+ Ke6 42.d4 Rh3+ 43.Kd2 a5
44.Rg8 a4 45.Rd8 a3 46.Kc2 a2 47.Kb2 Ra3 48.Ka1 Ra6 49.Re8+ Kf5 50.Rf8 Ra7
51.Rh8 Ra4 52.Rxh6 Rxd4 53.Rh5+ Ke6 54.Kxa2 Re4 55.Kb3 Rxe5 56.Rh6 Rf5 57.Kc3 Rxf6
58.Rh8 Ke5 59.Kd3 Rf3+ 60.Ke2 Ra3 61.Re8+ Kd4 62.Rf8 Re3+ 63.Kd2 Re7 64.Rd8 f5
65.Rf8 Ke4 66.Ke2 d4 67.Rd8 f4 68.Rd6 f3+ 69.Kf2 Kd3 70.Rd8 Kc3  0-1

[Event "Guernsey op"]
[Site "Guernsey"]
[Date "1991.??.??"]
[Round "7"]
[White "Britton, Richard"]
[Black "Conquest, Stuart"]
[Result "0-1"]
[WhiteElo "2255"]
[BlackElo "2465"]

1.e4 c5 2.Nf3 Nc6 3.d4 cxd4 4.Nxd4 Qb6 5.Nb5 Nf6 6.N5c3 e6 7.Bd3 Be7 8.Be3 Qc7
9.f4 d6 10.Qf3 a6 11.O-O O-O 12.Qh3 b5 13.Kh1 b4 14.Ne2 e5 15.f5 d5 16.Nd2 Rd8
17.Ng3 Nd4 18.Bxd4 dxe4 19.Bxe4 Nxe4 20.Ndxe4 Rxd4 21.c3 bxc3 22.bxc3 Rc4
23.Rae1 Qc6 24.Qg4 Rb8 25.Nh5 g6 26.Nhf6+ Kg7 27.Qg3 Bxf6 28.Nxf6 Qxf6 29.fxg6 Rf4
30.gxf7+ Kxf7 31.Qd3 Bf5 32.Qc4+ Rxc4  0-1

[Event "HUN-chT"]
[Site "HUN"]
[Date "1991.??.??"]
[Round "?"]
[White "Besztercsenyi, Tibor"]
[Black "Sinkovics, Peter"]
[Result "1-0"]
[WhiteElo "2240"]
[BlackElo "2370"]

1.e4 c5 2.Nf3 Nc6 3.d4 cxd4 4.Nxd4 Qb6 5.Nb3 Nf6 6.Nc3 e6 7.Bd3 Be7 8.O-O O-O
9.Be3 Qc7 10.f4 d6 11.g4 Rd8 12.g5 Nd7 13.Qf3 Nb4 14.Rf2 d5 15.exd5 Nxd5
16.Nxd5 exd5 17.Qxd5 Nc5 18.Bxh7+ Kxh7 19.Qxf7 Be6 20.Qh5+ Kg8 21.g6 Ne4
22.Nd4 Bd5 23.Qh7+ Kf8  1-0

[Event "HUN-chT"]
[Site "HUN"]
[Date "1991.??.??"]
[Round "?"]
[White "Kiss, Laszlo"]
[Black "Sinkovics, Peter"]
[Result "1-0"]
[WhiteElo "2275"]
[BlackElo "2370"]

1.e4 c5 2.Nf3 Nc6 3.d4 cxd4 4.Nxd4 Qb6 5.Nb3 Nf6 6.Nc3 e6 7.Be3 Qc7 8.a3 a6
9.f4 d6 10.Be2 b5 11.Bf3 Bb7 12.O-O Be7 13.Qe1 h5 14.h3 g6 15.Rd1 O-O-O 16.Qf2 Nd7
17.a4 b4 18.Nb1 Nc5 19.Nxc5 dxc5 20.e5 g5 21.Bxc5 Bxc5 22.Qxc5 gxf4 23.Rd6 Rxd6
24.exd6 Qd7 25.Nd2 Kb8 26.Nc4 Rg8 27.Rd1 e5 28.Nb6 Qxh3 29.d7 Nd4 30.Qd6+ Ka7
31.Nc8+ Rxc8 32.Rxd4 Rg8 33.Qc5+  1-0

[Event "Kecskemet"]
[Site "Kecskemet"]
[Date "1991.??.??"]
[Round "3"]
[White "Tolnai, Tibor"]
[Black "Golikov, Anatolij"]
[Result "1/2-1/2"]
[WhiteElo "2500"]
[BlackElo "2415"]

1.e4 c5 2.Nf3 Nc6 3.d4 cxd4 4.Nxd4 Qc7 5.Nc3 e6 6.f4 a6 7.Nxc6 Qxc6 8.Bd3 b5
9.Qe2 Bb7 10.Bd2 Rc8 11.a3 Qc7 12.O-O Nf6 13.e5 Nd5 14.Ne4 Be7 15.Kh1 O-O
16.Qh5 g6 17.Qh6 f5 18.exf6 Bxf6 19.Ng5 Bxg5 20.Qxg5 Rf7 21.f5 exf5 22.Rxf5 Rxf5
23.Bxf5 Qe5 24.Bxd7 Qxg5 25.Bxg5 Rxc2 26.Be6+ Kg7 27.Rf1 Nf4 28.Bxf4 Bxg2+
29.Kg1 Bxf1 30.Be5+ Kh6 31.Kxf1 Kg5 32.Bb3 Rd2 33.Kg1 Kg4 34.Bc3 Rd3 35.Kg2 Kf4
36.Bc2 Rd7 37.Kf2 g5 38.a4 bxa4 39.Bxa4 Rd6 40.Be8 Rd3 41.Bf7 Rf3+ 42.Kg2 Rd3
43.Bc4 Rd6 44.Bb4 Rd4 45.b3 Ke4 46.Kg3 h5 47.Kf2 Rd1 48.Bxa6 Rb1 49.Bc4 h4
50.Bc3 Rh1 51.Bf1 Rxh2+ 52.Bg2+ Kd3 53.Be5 Rxg2+ 54.Kxg2 g4 55.Bf6 h3+ 56.Kg3 Ke4
57.Kh2 Kd5 58.Bc3  1/2-1/2

[Event "Kecskemet"]
[Site "Kecskemet"]
[Date "1991.??.??"]
[Round "8"]
[White "Moiseev, Viktor"]
[Black "Golikov, Anatolij"]
[Result "1-0"]
[WhiteElo "2460"]
[BlackElo "2415"]

1.e4 c5 2.Nf3 Nc6 3.d4 cxd4 4.Nxd4 Qc7 5.Nc3 e6 6.Be2 a6 7.O-O Bc5 8.Nxc6 Qxc6
9.Bf4 Ne7 10.Qd3 Ng6 11.Bg3 d6 12.Rad1 O-O 13.Kh1 b5 14.f4 Bb7 15.Bf3 Qc7
16.a3 Rad8 17.Ne2 Bb6 18.Be1 Rd7 19.h4 d5 20.e5 Rc8 21.h5 Ne7 22.c3 Nf5 23.Bf2 Bxf2
24.Rxf2 Qd8 25.g4 Qh4+ 26.Kg2 Nh6 27.Rh1 Qd8 28.Nd4 Qf8 29.g5 Nf5 30.Nxf5 exf5
31.Qxf5 Rdd8 32.Rd1 Rc4 33.Rd4 Bc8 34.Qd3 g6 35.Rxd5 Rxd5 36.Bxd5 Bf5 37.Qf3 Rc5
38.hxg6 hxg6 39.Kg3 Qd8 40.Bb3 Rc7 41.Re2 Rd7 42.e6  1-0

[Event "Kecskemet Szechenyi-B"]
[Site "Kecskemet"]
[Date "1991.??.??"]
[Round "9"]
[White "Bosch, Jeroen"]
[Black "Olesen, Martin"]
[Result "0-1"]
[WhiteElo "2250"]
[BlackElo "2325"]

1.e4 c5 2.Nf3 Nc6 3.d4 cxd4 4.Nxd4 Qb6 5.Nb3 Nf6 6.Nc3 e6 7.Bd3 Be7 8.Be3 Qc7
9.f4 d6 10.Qf3 a6 11.O-O-O b5 12.g4 b4 13.Ne2 a5 14.Kb1 O-O 15.g5 Nd7 16.h4 Bb7
17.g6 a4 18.gxh7+ Kh8 19.Nbd4 b3 20.Nxc6 bxa2+ 21.Kxa2 Bxc6 22.Bd4 e5 23.fxe5 dxe5
24.Bc3 f5 25.Rhg1 fxe4 26.Qg4 Bf6 27.Bxe4 Bxe4 28.Qxe4 Nc5 29.Qc4 Rac8 30.Ng3 Qb6
31.Nh5 a3 32.Nxf6 axb2 33.Bxb2 Ra8+ 34.Kb1 Rfb8 35.Qg8+ Rxg8 36.hxg8=Q+ Rxg8
37.Nd5 Qb7 38.Rg4 Rd8 39.c4 Na4 40.Rd2 Rb8 41.Rgg2 Qc6 42.Rg4 Qe6 43.Rg5 Qh3
44.Ne7 Qf1+ 45.Ka2 Qxc4+ 46.Ka1 Qf1+ 47.Ka2 Nc3+  0-1

[Event "JUG-ch"]
[Site "Kladovo"]
[Date "1991.??.??"]
[Round "1"]
[White "Grosar, Aljosa"]
[Black "Damljanovic, Branko"]
[Result "1/2-1/2"]
[WhiteElo "2370"]
[BlackElo "2560"]

1.e4 c5 2.Nf3 Nc6 3.d4 cxd4 4.Nxd4 Qc7 5.Nc3 e6 6.Be2 a6 7.O-O Nf6 8.Be3 Be7
9.f4 d6 10.Qe1 O-O 11.Qg3 Nxd4 12.Bxd4 b5 13.a3 Bb7 14.Rae1 Rae8 15.Kh1 Bd8
16.Bd3 e5 17.Be3 Nh5 18.Qg4 Nxf4 19.Bxf4 exf4 20.Rxf4 Re5 21.Ref1 g6 22.a4 b4
23.Nd5 Bxd5 24.exd5 a5 25.Rf5 Rxf5 26.Bxf5 Re8 27.Bd3 Re5 28.Qc4 Qe7 29.c3 bxc3
30.Qxc3 Qc7 31.Qxc7 Bxc7 32.g3 Kg7 33.Bc4 Bb6 34.Kg2 f5 35.b3 g5 36.h3 h5
37.Bd3 Kf6 38.g4 hxg4 39.hxg4 f4 40.Bc4 Re4 41.Rh1 Kg7 42.Rh7+ Kxh7 43.Bd3 Kg7
44.Bxe4 Kf6 45.Bf5 Ke5 46.Be6 Ke4 47.Kf1 f3 48.Bf7  1/2-1/2

[Event "JUG-ch"]
[Site "Kladovo"]
[Date "1991.??.??"]
[Round "6"]
[White "Burovic, Ismet"]
[Black "Kocovski, Ivan"]
[Result "1-0"]
[WhiteElo "2375"]
[BlackElo "2325"]

1.e4 c5 2.Nf3 Nc6 3.d4 cxd4 4.Nxd4 Qb6 5.Nb3 Nf6 6.Nc3 e6 7.Be3 Qc7 8.Bd3 a6
9.f4 d6 10.O-O Be7 11.Kh1 O-O 12.a4 b6 13.Rf3 Nb4 14.Rh3 e5 15.Rg3 Kh8 16.Nd2 Bb7
17.Nc4 exf4 18.Bxf4 Nxd3 19.cxd3 Bxe4 20.Be3 Bc6 21.Bxb6 Qb7 22.Bd4 a5 23.Ne3 Qd7
24.Ncd5 Ne8 25.Nxe7 Qxe7 26.Nf5 Qd7 27.Nxg7 f6 28.Nh5 h6 29.Nf4 Rg8 30.Rxg8+ Kxg8
31.Qh5 Ng7 32.Qxh6 Qf5 33.Bxf6 Ra7 34.Rg1 Rf7 35.Bxg7 Rxg7 36.Qe6+ Qxe6 37.Nxe6 Rg4
38.d4 Bxa4 39.Re1 Bb3 40.h3 Rh4 41.Kh2 Bxe6 42.Rxe6 Rxd4 43.Re2 Kf7 44.g3 Kg6
45.h4 Kf5 46.Kh3 Rd1 47.Rf2+ Ke4 48.Kg4 d5 49.Rh2 Rf1 50.h5 d4 51.h6 Rf8
52.h7 Rh8 53.Kg5 d3 54.Kg6 Ke3 55.Kg7 d2 56.Rh1  1-0

[Event "JUG-ch"]
[Site "Kladovo"]
[Date "1991.??.??"]
[Round "11"]
[White "Popovic, Petar"]
[Black "Damljanovic, Branko"]
[Result "1-0"]
[WhiteElo "2510"]
[BlackElo "2560"]

1.e4 c5 2.Nf3 Nc6 3.d4 cxd4 4.Nxd4 Qc7 5.Nc3 e6 6.g3 a6 7.Bg2 d6 8.O-O Bd7
9.Nxc6 Bxc6 10.a4 Nf6 11.a5 Be7 12.Be3 Nd7 13.Na4 O-O 14.Nb6 Rae8 15.c4 Nxb6
16.axb6 Qc8 17.Qd3 f5 18.Rfd1 g5 19.Ra5 e5 20.exf5 Bxg2 21.Kxg2 Rxf5 22.Qe4 Ref8
23.b4 R5f6 24.Ra2 Rh6 25.Kg1 Qh3 26.f3 Qc8 27.Rad2 Rf7 28.c5 dxc5 29.bxc5 Rc6
30.Rd7 Rxc5 31.Rxe7 Rxe7 32.Qb4  1-0

[Event "JUG-ch"]
[Site "Kladovo"]
[Date "1991.??.??"]
[Round "13"]
[White "Zakic, Srdjan"]
[Black "Djukic, Zeljko"]
[Result "1-0"]
[WhiteElo "2350"]
[BlackElo "2420"]

1.e4 c5 2.Nf3 Nc6 3.d4 cxd4 4.Nxd4 Qb6 5.Nb3 Nf6 6.Nc3 e6 7.a3 a6 8.Bf4 d5
9.exd5 Nxd5 10.Nxd5 exd5 11.Qxd5 Be6 12.Qe4 O-O-O 13.Be3 Qc7 14.Bc4 Bxc4
15.Qxc4 Kb8 16.O-O Bd6 17.h3 f5 18.Rad1 Rhe8 19.Bg5 Rc8 20.Qd3 Bh2+ 21.Kh1 Be5
22.Qxf5 g6 23.Qg4 Bxb2 24.Rd7 Qb6 25.Be3 Qb5 26.Rfd1 Bxa3 27.R7d5 Qb4 28.Qg3+ Ka8
29.Bc5 Qa4 30.Bxa3 Qxa3 31.Rd7 Re7 32.Kh2 Rce8 33.Qc7 Qb4 34.Nc5 Rxd7 35.Rxd7 Rf8
36.Nd3 Qb5 37.c4 Qb1 38.Rxh7 Rb8 39.Nc5 Qb4 40.Nd7 a5 41.Nxb8  1-0

[Event "Krumbach op"]
[Site "Krumbach"]
[Date "1991.??.??"]
[Round "3"]
[White "Carstens, Andreas"]
[Black "Sinkovics, Peter"]
[Result "1-0"]
[WhiteElo "2375"]
[BlackElo "2370"]

1.e4 c5 2.Nf3 Nc6 3.d4 cxd4 4.Nxd4 Qb6 5.Nb3 Nf6 6.Bd3 e6 7.O-O Be7 8.Nc3 d6
9.Be3 Qc7 10.f4 Bd7 11.Qf3 a6 12.h3 h5 13.a4 Nb4 14.Qf2 Rc8 15.Bb6 Qb8 16.a5 e5
17.fxe5 dxe5 18.Nd5 Nbxd5 19.exd5 O-O 20.c4 e4 21.Be2 Bd6 22.Bd4 Be5 23.Nc5 Bxh3
24.gxh3 Bxd4 25.Qxd4 Qg3+ 26.Kh1 Qxh3+ 27.Kg1 Qg3+ 28.Kh1 Rfe8 29.Rf2 Ng4
30.Rg2 Qh3+ 31.Kg1 Rxc5 32.Bxg4 hxg4 33.Qxc5 e3 34.Re1 f5 35.d6 Qf3 36.d7 Rd8
37.Qe7  1-0

[Event "Leningrad-ch"]
[Site "Leningrad"]
[Date "1991.??.??"]
[Round "?"]
[White "Petelin, A."]
[Black "Karasev, Vladimir I"]
[Result "0-1"]
[WhiteElo "2365"]
[BlackElo "2365"]

1.e4 c5 2.Nf3 Nc6 3.d4 cxd4 4.Nxd4 Qb6 5.Nb3 Nf6 6.Nc3 e6 7.Bd3 Bb4 8.Bg5 h6
9.Bxf6 gxf6 10.Qd2 Rg8 11.O-O-O Rxg2 12.Qxh6 Bf8 13.Qh3 Rxf2 14.Rhf1 Rxf1
15.Rxf1 d6 16.Rxf6 Bd7 17.Qg3 Ne5 18.h4 O-O-O 19.h5 Be7 20.Rf1 Rh8 21.Be2 Kb8
22.Kb1 a6 23.Nc1 Qd8 24.Nd3 f6 25.Nf4 Bf8 26.Rg1 Bh6 27.a3 Qb6 28.Rd1 Rc8
29.Ng6 Be8 30.Qh3 Bf7 31.Nxe5 dxe5 32.Rd7 Rc7 33.Rd8+ Ka7 34.Qd3 Rxc3  0-1

[Event "USA-op Los Angeles"]
[Site "Los Angeles"]
[Date "1991.??.??"]
[Round "?"]
[White "Peters, John A"]
[Black "Guevara, Martin"]
[Result "1-0"]
[WhiteElo "2485"]
[BlackElo "2265"]

1.e4 c5 2.Nf3 Nc6 3.d4 cxd4 4.Nxd4 Qb6 5.Nb3 Nf6 6.Nc3 e6 7.Be3 Qc7 8.f4 d6
9.Bd3 Be7 10.Qf3 a6 11.O-O O-O 12.Qh3 g6 13.Rf2 Nb4 14.e5 Nfd5 15.Nxd5 Nxd5
16.Bd2 b5 17.Re1 Bb7 18.c3 Nb6 19.Be3 Nc4 20.Bd4 Rad8 21.Qh6 dxe5 22.Rxe5 Nxe5
23.Bxe5 Qxe5 24.fxe5 Rxd3 25.Rf1 Bd8 26.Kh1 Bb6 27.Qf4 Be3 28.Qf6 Rd7 29.h4 h5
30.Kh2 Rc8 31.Re1 Bb6 32.Re2 Rc4 33.Nd2 Bd8 34.Qf2 Rxh4+ 35.Kg1 Rg4 36.Nf3 Rd1+
37.Re1 Bxf3 38.Rxd1 Bxd1 39.Qd2 Bb6+ 40.Kf1 Ba4 41.b3 Kg7 42.Qd6 Rf4+ 43.Ke1 Bf2+
44.Kd1 b4 45.bxa4 bxc3 46.Kc2 Rxa4 47.a3 Rd4 48.Qe7 Rf4 49.Kxc3 Bd4+ 50.Kd3 Bxe5  1-0

[Event "Wch U20"]
[Site "Mamaia"]
[Date "1991.??.??"]
[Round "?"]
[White "Akopian, Vladimir"]
[Black "Prakash, G B."]
[Result "1-0"]
[WhiteElo "2590"]
[BlackElo "2355"]

1.e4 c5 2.Nf3 Nc6 3.d4 cxd4 4.Nxd4 Qb6 5.Nb3 Nf6 6.Nc3 e6 7.Bd3 a6 8.O-O Be7
9.Be3 Qc7 10.f4 d6 11.Qf3 O-O 12.g4 Nd7 13.g5 Re8 14.Qh5 g6 15.Qh6 Bf8 16.Qh4 Bg7
17.Rf3 b5 18.Rh3 Nf8 19.f5 Bxc3 20.f6 Bxf6 21.gxf6 h5 22.Qf4 e5 23.Qh6 Ne6
24.Kh1 Qd8 25.Rf1  1-0

[Event "POL-chT"]
[Site "Mikolajki"]
[Date "1991.??.??"]
[Round "6"]
[White "Szafraniec, Izabela"]
[Black "Erenska Radzewska, Hanna"]
[Result "0-1"]
[WhiteElo "2110"]
[BlackElo "2250"]

1.e4 c5 2.Nf3 Nc6 3.d4 cxd4 4.Nxd4 Qb6 5.Nb3 Nf6 6.Nc3 e6 7.Be3 Qc7 8.f4 d6
9.Be2 Be7 10.Qd2 a6 11.g4 b5 12.a3 Na5 13.Nxa5 Qxa5 14.g5 Nd7 15.O-O-O Bb7
16.Kb1 Bc6 17.Rhf1 Qc7 18.h4 Nc5 19.Bf3 a5 20.f5 b4 21.Nd5 exd5 22.Bxc5 dxc5
23.exd5 O-O-O 24.f6 gxf6 25.gxf6 Bf8 26.Qg2 Bb5 27.Rfe1 Qd6  0-1

[Event "POL-chT"]
[Site "Mikolajki"]
[Date "1991.??.??"]
[Round "9"]
[White "Malisauskas, Vidmantas"]
[Black "Nowak, Ignacy"]
[Result "1-0"]
[WhiteElo "2505"]
[BlackElo "2400"]

1.e4 c5 2.Nf3 Nc6 3.d4 cxd4 4.Nxd4 Qc7 5.Nc3 e6 6.g3 a6 7.Bg2 d6 8.O-O Bd7
9.Re1 Be7 10.Nxc6 Bxc6 11.Qg4 h5 12.Qe2 Kf8 13.a4 Bf6 14.Bd2 Ne7 15.Nd1 Rd8
16.Bc3 Be5 17.Qe3 Be8 18.h4 Nc6 19.Re2 Bxc3 20.Qxc3 Qa5 21.Qxa5 Nxa5 22.Ne3 f6
23.Rd2 Ke7 24.f4 Bf7 25.Rad1 Rhg8 26.Kf2 g6 27.Bf1 Nc6 28.Nc4 d5 29.exd5 Rxd5
30.Bg2 Rxd2+ 31.Rxd2 Rc8 32.Nd6 Rd8 33.Bxc6 bxc6 34.Ne4 Rxd2+ 35.Nxd2 e5
36.fxe5 fxe5 37.Ne4 Be6 38.Nc5 Bc8 39.b4 Kd6 40.c4 a5 41.Ne4+ Kc7 42.bxa5 Be6
43.Nd2 c5 44.Ke3 Bc8 45.Ne4 Kc6 46.Kd3 Bh3 47.a6 Bc8 48.a7 Bb7 49.a5 Ba8
50.Ke3 Kb7 51.Nxc5+ Kxa7 52.Nd7  1-0

[Event "POL-chT"]
[Site "Mikolajki"]
[Date "1991.??.??"]
[Round "9"]
[White "Lukasiewicz, Anna"]
[Black "Erenska Radzewska, Hanna"]
[Result "0-1"]
[WhiteElo "2115"]
[BlackElo "2250"]

1.e4 c5 2.Nf3 Nc6 3.d4 cxd4 4.Nxd4 Qc7 5.Nc3 e6 6.Be3 a6 7.Nxc6 bxc6 8.Bd3 Nf6
9.O-O d5 10.f4 dxe4 11.Nxe4 Nd5 12.Bc1 Be7 13.Qg4 f5 14.Qh5+ g6 15.Qh6 fxe4
16.Bxe4 Bf6 17.c4 Qb6+ 18.Kh1 Ne7 19.Rb1 Qd4 20.Re1 Qxc4 21.Bd2 Kf7 22.b3 Qd4
23.Rbd1 Nd5 24.f5 exf5 25.Bxd5+ cxd5 26.Bf4 Qb4 27.Be5 Bb7 28.a3 Qh4 29.Qe3 Bxe5
30.Qxe5 Rhe8 31.Qc7+ Re7 32.Qa5 Rae8 33.Rxe7+ Rxe7 34.Qd2 Qe4  0-1

[Event "Niksic"]
[Site "Niksic"]
[Date "1991.??.??"]
[Round "10"]
[White "Ziatdinov, Raset"]
[Black "Akopian, Vladimir"]
[Result "0-1"]
[WhiteElo "2515"]
[BlackElo "2555"]

1.e4 c5 2.Nf3 Nc6 3.d4 cxd4 4.Nxd4 Qb6 5.Nb3 Nf6 6.Nc3 e6 7.Bd3 Be7 8.O-O a6
9.a4 O-O 10.a5 Qc7 11.Be3 d6 12.Bb6 Qb8 13.Nd2 Nb4 14.Qe2 d5 15.exd5 Nbxd5
16.Nxd5 Nxd5 17.Nc4 Bd7 18.Ne5 Be8 19.Be4 Nxb6 20.axb6 Bf6 21.Ra5 g6 22.Bf3 Qd6
23.Nc4 Qe7 24.b3 Rd8 25.Be4 Bb5 26.Qf3 Rd7 27.Rb1 Bg7 28.Qg3 Bxc4 29.bxc4 Qb4  0-1

[Event "Podgorica"]
[Site "Podgorica"]
[Date "1991.??.??"]
[Round "10"]
[White "Guyot, Philippe"]
[Black "Andonov, Bogomil"]
[Result "1-0"]
[WhiteElo "2295"]
[BlackElo "2365"]

1.e4 c5 2.Nf3 Nc6 3.d4 cxd4 4.Nxd4 Qc7 5.Nc3 e6 6.Be2 Nf6 7.O-O Be7 8.Be3 d6
9.f4 O-O 10.Qe1 Nxd4 11.Bxd4 e5 12.fxe5 dxe5 13.Qg3 Bc5 14.Bxc5 Qxc5+ 15.Kh1 Ne8
16.Nd5 Qxc2 17.Bh5 Qxe4 18.Ne7+ Kh8 19.Rae1 Qd4 20.Rxf7 Rxf7 21.Bxf7 Nd6
22.Bb3 Ne4 23.Ng6+  1-0